| 000 | 00410nam a2200157 a 4500 | ||
|---|---|---|---|
| 005 | 20140310183208.0 | ||
| 008 | 030207s19uu xx 00 eng d | ||
| 050 |
_aPR 6058.O912 _b.H853 1975 |
||
| 100 | _aHowatch, Susan | ||
| 245 |
_aCall in the night / _cSusan Howatch. |
||
| 260 |
_aUSA : _bSusan Howatch, _c1975. |
||
| 300 |
_a191 p. : _c18 cm. |
||
| 650 | _aFiction | ||
| 942 |
_cBK _2lcc |
||
| 999 |
_c20061 _d20061 |
||